Testing techniques for rock mechanics, a symp. pres. at the 5 Pacific area nat. meeting American soc. for test. and materials, Seattle, Wash, oct.31-n /

Guardado en:
Autor Corporativo: American society for teting and materials.
Formato: Libro
Idioma:English
Publicado: Philadelphia, 1966.
Series:ASTM. special technical publication, 402
Etiquetas: Agregar Etiqueta
Sin Etiquetas, Sea el primero en etiquetar este registro!
LEADER 00656nam a22001575a 4500
001 EUN.um022639
003 AR-BaUNS
005 20050623122901.0
008 041125s1966####xxua##########000#0#eng#d
245 1 0 |a Testing techniques for rock mechanics, a symp. pres. at the 5 Pacific area nat. meeting American soc. for test. and materials, Seattle, Wash, oct.31-n /  |c American society for teting and materials. 
260 |a Philadelphia,  |c 1966. 
300 |a 297 p. :  |b ilus. ;  |c 23 cm. . 
490 0 |a ASTM. special technical publication, 402 
082 0 4 |a 552 
110 2 |a American society for teting and materials. 
859 |a Ar-BaUNS  |b BIB. CENTRAL - Sector C  |h 552  |i Am35  |p 46666/968